|
|
|
|
| LEADER |
02506nam a2200589 a 4500 |
| 001 |
nkc20112225498 |
| 003 |
CZ PrNK |
| 005 |
20111123134035.0 |
| 007 |
ta |
| 008 |
110927s2011 xr a f m 000 0 cze |
| 015 |
|
|
|a cnb002225498
|
| 020 |
|
|
|a 978-80-7454-047-9
|q (brož.)
|
| 035 |
|
|
|a (OCoLC)761169692
|
| 040 |
|
|
|a ABA001
|b cze
|
| 041 |
0 |
|
|a cze
|b eng
|
| 072 |
|
7 |
|a 658
|x Řízení a správa podniku
|2 Konspekt
|9 4
|
| 080 |
|
|
|a 005.332.1
|2 MRF
|
| 080 |
|
|
|a 658
|2 MRF
|
| 080 |
|
|
|a 330.143.2
|2 MRF
|
| 080 |
|
|
|a 005.22
|2 MRF
|
| 080 |
|
|
|a (043.3)
|2 MRF
|
| 080 |
|
|
|a (048.3)
|2 MRF
|
| 100 |
1 |
|
|a Remeš, Daniel,
|d 1979-
|7 jo2011661069
|4 dis
|
| 245 |
1 |
0 |
|a Zvyšování výkonnosti podniku pomocí využití propojení konceptů Balanced Scorecard a ekonomické přidané hodnoty =
|b Increasing of the corporate performance by using a link between the Balanced Scorecard and the economic value added : teze disertační práce /
|c autor Daniel Remeš
|
| 246 |
3 |
1 |
|a Increasing of the corporate performance by using a link between the Balanced Scorecard and the economic value added
|
| 260 |
|
|
|a Zlín :
|b Univerzita Tomáše Bati ve Zlíně,
|c 2011
|
| 300 |
|
|
|a 42 s. :
|b il. ;
|c 21 cm
|
| 490 |
1 |
|
|a Teze disertační práce =
|a Doctoral thesis summary
|
| 500 |
|
|
|a "Obor 6208V Management a ekonomika"
|
| 500 |
|
|
|a 30 výt.
|
| 502 |
|
|
|a Teze disertační práce (Ph.D.)--Univerzita Tomáše Bati ve Zlíně, Fakulta managementu a ekonomiky, 2008
|
| 504 |
|
|
|a Obsahuje bibliografii a bibliografické odkazy
|
| 546 |
|
|
|a Anglické resumé
|
| 650 |
0 |
7 |
|a výkonnost podniku
|7 ph118506
|2 czenas
|
| 650 |
0 |
7 |
|a podnikový management
|7 ph115763
|2 czenas
|
| 650 |
0 |
7 |
|a ekonomická přidaná hodnota
|7 ph137747
|2 czenas
|
| 650 |
0 |
7 |
|a Balanced Scorecard
|7 ph286364
|2 czenas
|
| 650 |
0 |
9 |
|a industrial productivity
|2 eczenas
|
| 650 |
0 |
9 |
|a industrial management
|2 eczenas
|
| 650 |
0 |
9 |
|a economic value added
|2 eczenas
|
| 650 |
0 |
9 |
|a Balanced Scorecard
|2 eczenas
|
| 655 |
|
7 |
|a disertace
|7 fd132024
|2 czenas
|
| 655 |
|
7 |
|a teze
|7 fd133701
|2 czenas
|
| 655 |
|
9 |
|a dissertations
|2 eczenas
|
| 655 |
|
9 |
|a abstracts
|2 eczenas
|
| 710 |
2 |
|
|a Univerzita Tomáše Bati ve Zlíně.
|b Fakulta managementu a ekonomiky
|7 kn20010709196
|
| 810 |
2 |
|
|a Univerzita Tomáše Bati ve Zlíně.
|t Teze disertační práce
|0 s
|
| 910 |
2 |
|
|a BOA001
|b 2-1272.088
|
| 990 |
|
|
|a BK
|
| 995 |
|
|
|a 01
|
| 991 |
|
|
|b 201110
|c NOV
|e n
|
| 996 |
6 |
|
|b 2610489548
|c 2-1272.088
|l MZK
|r Sklad / do 1 hodiny
|n 19
|p p.v.
|w 001203484
|u 000010
|a 1
|e BOA001
|j MZK50
|s P
|